00915nam a2200193Ia 4500008004100000020001500041050002500056100003100081240002900112245010900141260005600250300003000306500006800336504006200404505016100466650002700627700002600654700004100680120625s1996 mx a 001 0 esp d a968880677314aBF311 bM426318 19961 aMatlin, Margaret W.eautor aSensation and Perception10aSensación y percepciónc/ Margaret W. Matlin, Hugh J. Foley ; traducción Marcela Ramírez Escoto.3 aMéxico b: Prentice Hall Hispanoamericanac, 1996 axix, 554 páginasb24 cm aTraducción de: Sensation and perceptión, 3a ed. en inglés aIncluye referencias bibliográficas (p 495-531) e indice1 aMetodologías perceptuales Sistema visual El color Sistema auditivo Movimiento Sentidos de la piel Sentidos químicos Olfato y gusto Desarrollo perceptual14aSENTIDOS Y SENSACIONES aFOLEY, Hugh J.eautor aRamírez Escoto, Marcelaetraductor